000 00713nam a2200277Ia 4500
005 20260324112348.0
008 008 260324s9999 xx 000 0 eng d
020 _a9781003340720
037 _aEBOOK
040 _aCRL
040 _beng
040 _cCRL
041 _2eng
041 _aeng
084 _qCRL
100 _aJon E. Grahe; Michelle L. Ceynar; Rihana Shiri Mason
_91142380
245 0 _aEarly Psychological Research Contributions from Women of Color, Volume 2
260 _bTaylor and Francis
260 _c2024
365 _a
365 _b205
856 _uhttp://www.taylorfrancis.com/books/9781003340720
942 _cEBOOK
999 _c1731555
_d1731555